000 00296nam a22001337a 4500
008 171016b xxu||||| |||| 00| 0 eng d
020 _a0256020302
041 _aeng
080 _a33
100 _a52
101 _aEKO
245 _aDEVELOPMENT OF ECONOMIC ANALYSIS
_cRIMA,I,H
942 _2udc
_cBK
999 _c34066
_d34066